Hoa mí rừng

Kaydedildi:
Detaylı Bibliyografya
Yazar: Địch, Ngọc Lân
Materyal Türü: Kitap
Dil:Undetermined
Baskı/Yayın Bilgisi: Hà Nội Sân khấu 2018
Konular:
Etiketler: Etiketle
Etiket eklenmemiş, İlk siz ekleyin!
Thư viện lưu trữ: Trung tâm Học liệu Trường Đại học Cần Thơ
LEADER 00511nam a2200181Ia 4500
001 CTU_232875
008 210402s9999 xx 000 0 und d
082 |a 895.9223 
082 |b L121 
100 |a Địch, Ngọc Lân 
245 0 |a Hoa mí rừng 
245 0 |c Địch Ngọc Lân 
260 |a Hà Nội 
260 |b Sân khấu 
260 |c 2018 
650 |a Tiểu thuyết Việt Nam,Vietnamese fiction 
910 |b nthai 
980 |a Trung tâm Học liệu Trường Đại học Cần Thơ